Ethnic conflicts in Northern Ghana. / (Record no. 4640)
[ view plain ]
| 000 -LEADER | |
|---|---|
| fixed length control field | 00970nam a22001817a 4500 |
| 008 - FIXED-LENGTH DATA ELEMENTS--GENERAL INFORMATION | |
| fixed length control field | 140911b xxu||||| |||| 00| 0 eng d |
| 020 ## - INTERNATIONAL STANDARD BOOK NUMBER | |
| International Standard Book Number | 9988611099 |
| 050 ## - LIBRARY OF CONGRESS CALL NUMBER | |
| Classification number | DT512.9.N67 M27 |
| 100 ## - MAIN ENTRY--PERSONAL NAME | |
| Personal name | Ibrahim, Mahama |
| 245 ## - TITLE STATEMENT | |
| Title | Ethnic conflicts in Northern Ghana. / |
| Statement of responsibility, etc. | Ibrahim Mahama |
| 260 ## - PUBLICATION, DISTRIBUTION, ETC. | |
| Place of publication, distribution, etc. | Tamale,Ghana: |
| Name of publisher, distributor, etc. | Cyber Systems, |
| Date of publication, distribution, etc. | 2003. |
| 300 ## - PHYSICAL DESCRIPTION | |
| Extent | 262p.: |
| Dimensions | 24cm |
| 500 ## - GENERAL NOTE | |
| General note | Includes bibliographical references and index. |
| 505 ## - FORMATTED CONTENTS NOTE | |
| Formatted contents note | Contents:Introduction: Conditions of the war -- The Petition for paramount stool -- The War: The Conflict in Nanum -- The Conflict in East Gonja -- The Search for peace: The Military solution -- Peace in trouble: The Nairobi peace initiative -- Konkomba land claims -- Konkomba under Dagomba rule:Konkomba non-claim to land in Nanum -- Konkomba aboriginal claims -- Loss/damage and re-integration: Re-integration -- Rehabilitation -- Conclusion: NORYDA |
| 650 ## - SUBJECT ADDED ENTRY--TOPICAL TERM | |
| Topical term or geographic name entry element | Ethnic conflicts |
| 651 ## - SUBJECT ADDED ENTRY--GEOGRAPHIC NAME | |
| Geographic name | Northern Ghana |
| 942 ## - ADDED ENTRY ELEMENTS (KOHA) | |
| Source of classification or shelving scheme | Library of Congress Classification |
| Koha item type | Books |
| Withdrawn status | Lost status | Source of classification or shelving scheme | Damaged status | Not for loan | Home library | Current library | Shelving location | Date acquired | Total Checkouts | Full call number | Barcode | Date last seen | Price effective from | Koha item type |
|---|---|---|---|---|---|---|---|---|---|---|---|---|---|---|
| Library of Congress Classification | WISCONSIN INTERNATIONAL UNIVERSITY COLLEGE, GHANA - MAIN LIBRARY | WISCONSIN INTERNATIONAL UNIVERSITY COLLEGE, GHANA - MAIN LIBRARY | Law Library | 11/09/2014 | DT512.9.N67 M27 | 431/13 | 11/09/2014 | 11/09/2014 | Books |
